000 00296nam a2200133Ia 4500
008 200103s9999||||xx |||||||||||||| ||und||
040 _aIMU-MPC
082 _aColumn-11
100 _aHMSO
245 0 _aWeather in the Black sea
260 _bHMSO, London
_c1963
300 _aix, 294
942 _cBK
999 _c4627
_d4627